| 000 | 01118cam a2200337 a 4500 | ||
|---|---|---|---|
| 001 | 7520614 | ||
| 003 | ARRUPE | ||
| 005 | 20130918122644.0 | ||
| 008 | 090811s2009 rh b 001 0 eng | ||
| 010 | _a 2009334411 | ||
| 020 | _a9780869228180 | ||
| 020 | _a0869228188 | ||
| 035 | _a(OCoLC)435803703 | ||
| 035 | _a(OCoLC)ocn435803703 | ||
| 035 | _a(NNC)7520614 | ||
| 040 |
_aDLC _cDLC |
||
| 042 | _alcode | ||
| 043 | _af-rh--- | ||
| 050 | 0 | 0 |
_aPR9390.4 _b.K31 2009 |
| 100 | 1 |
_aKahari, George P. _9522 |
|
| 245 | 1 | 4 |
_aThe search for identity and ufuru : _ban introduction to black Zimbabwean fiction in English, 1956-1980 / _cGeorge P. Kahari. |
| 260 |
_aGweru, Zimbabwe : _bMambo Press, _c2009. |
||
| 300 |
_axiii, 445p.; _c22cm. |
||
| 650 | 0 |
_aZimbabwean fiction (English) _xBlack authors _xHistory and criticism. _9523 |
|
| 650 | 0 |
_aZimbabwean fiction (English) _y20th century _xHistory and criticism. _9524 |
|
| 700 | 1 |
_aKahari, George P. _tSearch for Zimbabwean identity. _9525 |
|
| 942 |
_2lcc _cMONOGRAPH |
||
| 948 | 0 |
_a20091214 _bb _cdc21 _dMPS |
|
| 948 | 1 |
_a20110415 _bc _cmps2 _dMPS |
|
| 999 |
_c117870 _d117870 |
||